Untertanen, Herrschaft und Staat in Böhmen und im "Alten Reich". - München : Oldenbourg. - 2005 [Rezension]

Titel: Untertanen, Herrschaft und Staat in Böhmen und im "Alten Reich". - München : Oldenbourg. - 2005 [Rezension]
Verfasser:
In: Jahrbuch für Regionalgeschichte, Band 25 (2007), Seite 140-143
alle Artikel anzeigen
Veröffentlicht: 2007
Format: Aufsatz
Sprache: Deutsch
Kein Bild verfügbar
X
alg: 39479241
001A    $01999:12-11-16 
001B    $01999:03-08-21 $t21:02:30.000 
001D    $01999:12-11-16 
001U    $0utf8 
001X    $00 
002@    $0Aox 
003@    $0394792416 
007A    $0394792416 $aHEB 
007T    $0Herdc0024301m 
010@    $ager 
011@    $a2007 
021A    $aUntertanen, Herrschaft und Staat in Böhmen und im "Alten Reich". - München : Oldenbourg. -  2005 [Rezension] 
028A    $aTresp $dUwe 
031A    $d25 $h140-143 $j2007 
039B    $aIn $8--Abvc--. Jahrbuch für Regionalgeschichte. - Stuttgart : Steiner, 1965-. - ISSN 1860-8248 $x200700000250000860 $9046840451 
039T    $8--Aau--. Untertanen, Herrschaft und Staat in Böhmen und im "Alten Reich". - München : Oldenbourg, 2005. - VIII, 369 S.. - graph. Darst.. - ISBN 3-486-57586-4 $9127682856 
045F    $a900.94371 $eDDC23BSB 
045F/01 $a900 
045F/03 $g4371 
045T    $a8,1 

lok: 39479241 78

exp: 39479241 78 1 #EPN
201B/01 $026-11-17 $t03:49:04.000 
201U/01 $0utf8 
203@/01 $0791091023 
208@/01 $a12-11-16 $be 
209A/01 $a/ $f000 $x00 
220C/01 $aTitelaufnehmer: pg 
244Z/01 $#Tschechien $#Tschechische Republik $#Tschechische Republik $#Tschechenland $#Tschechei Tschechien $#Česká Republika $#Czech Republic $#ČR $74303381-7 $8--Tg1--Tschechien $x01 $9086659812 
244Z/01 $2Trx $#Böhmen $#Bohemia $#Czechy $8--Trx--Čechy $x02 $9391188941 
244Z/01 $2Trx $#arvustused $#recenzijos $#Reviews $#recenziók $#recenzje $#recenzie $#recenze $8--Trx--Rezensionen $x03 $9391357441 
247C/01 $82080>Marburg/Lahn, Herder-Institut, Forschungsbibliothek, Bibliographieportal $9336309341
LEADER 00000caa a22000002c 4500
001 394792416
003 DE-603
005 20210803210230.0
007 tu
008 161112s2007 xx |||| | u00||u|ger c
035 |a (DE-599)HEB394792416 
040 |a DE-603  |b ger  |c DE-603  |d DE-603 
041 |a ger 
082 0 4 |8 1\u  |a 900.94371  |q DE-101  |2 23/BSB 
084 |a 8,1  |2 ssgn 
085 |8 1\u  |b 900 
085 |8 1\u  |z 2  |s 4371 
100 1 |a Tresp, Uwe 
245 0 0 |a Untertanen, Herrschaft und Staat in Böhmen und im "Alten Reich". - München : Oldenbourg. - 2005 [Rezension] 
264 0 |c 2007 
773 0 8 |i In  |t Jahrbuch für Regionalgeschichte  |d Stuttgart : Steiner, 1965-  |x 1860-8248  |g Band 25 (2007), Seite 140-143  |w (DE-603)046840451  |w (DE-600)2629-3 
787 0 8 |i Rezension von  |t Untertanen, Herrschaft und Staat in Böhmen und im "Alten Reich"  |d München : Oldenbourg, 2005  |h VIII, 369 S., graph. Darst.  |z 3486575864  |w (DE-603)127682856 
924 0 |9 2080  |a (DE-603)791091023  |b DE-2080  |c HES  |d d  |g /